| 000 | 01819nam a2200433 a 4500 | ||
|---|---|---|---|
| 001 | ebr10354432 | ||
| 003 | CaPaEBR | ||
| 006 | m u | ||
| 007 | cr cn||||||||| | ||
| 008 | 071023s2008 iau s s000 0aeng | ||
| 010 | _z 2007043968 | ||
| 020 | _z9781587296512 (cloth : alk. paper) | ||
| 020 | _z1587296519 (cloth : alk. paper) | ||
| 040 |
_aCaPaEBR _cCaPaEBR |
||
| 035 | _a(OCoLC)646887591 | ||
| 043 | _an-us-al | ||
| 050 | 1 | 4 |
_aCT275.D34157 _bA3 2008eb |
| 082 | 0 | 4 |
_a976.1/84063092 _aB _222 |
| 100 | 1 |
_aDelbridge, Melissa J., _d1952- |
|
| 245 | 1 | 0 |
_aFamily Bible _h[electronic resource] / _cMelissa J. Delbridge. |
| 260 |
_aIowa City : _bUniversity of Iowa Press, _cc2008. |
||
| 300 | _axx, 143 p. | ||
| 490 | 1 | _aSightline books | |
| 505 | 0 | _aHurricane Creek -- Mimosa Park -- Shot rule -- Gun and bait -- Faith of our fathers -- The company we keep -- Under my saddle -- Billy boy -- Baptism -- Body of knowledge -- Girls turned in. | |
| 533 |
_aElectronic reproduction. _bPalo Alto, Calif. : _cebrary, _d2013. _nAvailable via World Wide Web. _nAccess may be limited to ebrary affiliated libraries. |
||
| 600 | 1 | 0 |
_aDelbridge, Melissa J., _d1952- |
| 650 | 0 |
_aTeenage girls, White _xSexual behavior _zSouthern States. |
|
| 650 | 0 |
_aSchool integration _zSouthern States. |
|
| 650 | 0 |
_aIncest _zUnited States. |
|
| 650 | 0 |
_aChildren of alcoholics _zAlabama. |
|
| 650 | 0 |
_aLesbians _zAlabama. |
|
| 651 | 0 |
_aSouthern States _xSocial conditions. |
|
| 651 | 0 |
_aAlabama _xSocial life and customs _y20th century. |
|
| 651 | 0 |
_aTuscaloosa (Ala.) _vBiography. |
|
| 655 | 7 |
_aElectronic books. _2local |
|
| 710 | 2 | _aebrary, Inc. | |
| 830 | 0 | _aSightline books. | |
| 856 | 4 | 0 |
_uhttp://site.ebrary.com/lib/rucke/Doc?id=10354432 _zAn electronic book accessible through the World Wide Web; click to view |
| 999 |
_c34432 _d34432 |
||